| 000 | 00725cam a2200253 a 4500 | ||
|---|---|---|---|
| 001 | 3824036 | ||
| 005 | 20171221080752.0 | ||
| 008 | 860709s1987 moua b 001 0 eng c | ||
| 010 | _a 86016180 | ||
| 020 | _a0801635640 | ||
| 040 |
_aDNLM/DLC _cDLC _dDLC |
||
| 041 | _aeng | ||
| 060 | _aWW 103 A237p | ||
| 080 | _a612.84 MOS | ||
| 082 | 0 | 0 |
_a612.84 MOS _219 |
| 100 | 1 | _a8 | |
| 101 | _aOFT | ||
| 240 | 1 | 0 | _aPhysiology of the eye |
| 245 | 1 | 0 |
_aAdler's physiology of the eye : _cedited by Robert A. Moses, William M. Hart, Jr. |
| 504 | _aIncludes bibliographies and indexes. | ||
| 740 | 0 | _aPhysiology of the eye. | |
| 906 |
_a7 _bcbc _corignew _d1 _eocip _f19 _gy-gencatlg |
||
| 942 |
_2ddc _cBK |
||
| 999 |
_c39272 _d39272 |
||